000 00604cam a22002171 4500
001 he 67002472
003 DLC
005 20260227111452.0
008 840503s1964 is 000 0 heb
010 _ahe 67002472
035 _a(OCoLC)19153631
040 _aDLC
_cMH
_dDLC
042 _apremarc
050 0 0 _aPH324.H4
_bT6
130 0 _aKalevala.
245 1 0 _aKaleṿalah erets ha-giborim /
_ctirgemah ṿe-ʻibdah Sara Ṭuvyah.
260 _a[Tel Aviv] :
_bMaḥbarot le-sifrut
_c[1964]
300 _a218 p. :
_billus. ;
_c25 cm.
700 1 _aToviyah, Sarah,
_etr.
752 _aIsrael
_dTel Aviv
999 _c32804
_d32804